Science Quiz

Random Science or Chemistry Quiz

Naming of poop Quiz Stats

 Plays Quiz not verified by Sporcle

Challenge
Share
Tweet
Embed
Score 0/10 Timer 02:00
0 Plays Today
Hint Answer % Correct
asianyellow
76.9%
African Americansblack
76.9%
VietnameseYellow
76.9%
MexicanBritish
23.1%
Americansobesity
15.4%
GermanPasta
15.4%
Italianpizza with asian skin
15.4%
BritishAnnoying
15.4%
AustralianMexican stink
7.7%
IndianGarlic
7.7%

You're not logged in!

Compare scores with friends on all Sporcle quizzes.
Join for Free
OR
Log In

You Might Also Like...

Show Comments

Extras

Top Quizzes Today


Score Distribution

Your Account Isn't Verified!

In order to create a playlist on Sporcle, you need to verify the email address you used during registration. Go to your Sporcle Settings to finish the process.

Report this User

Report this user for behavior that violates our Community Guidelines.

Details: